Rosa SSC Napoli 2023-2024 - Statistics

Statistiche generali
  • Questo quiz è stato fatto 268 volte
  • Il punteggio medio è 15 su 26
Statistiche sulle risposte
Ruolo Giocatore % Corretto
P Alex Meret
98%
D Giovannni Di Lorenzo
83%
A Victor Osimhen
79%
C Stanislav Lobotka
77%
P Nikita Contini
75%
P Pierluigi Gollini
74%
A Matteo Politano
71%
C Frank Anguissa
70%
A Giacomo Raspadori
70%
D Juan Jesus
70%
D Mario Rui Silva Duarte
69%
D Mathías Olivera
67%
A Giovanni Simeone
64%
D Amir Rrahmani
63%
C Piotr Zieliński
59%
A Khvicha Kvaratskhelia
58%
D Pasquale Mazzocchi
47%
A Cyril Ngonge
42%
D Leo Østigård
41%
C Jens Cajuste
40%
P Hubert Idasiak
37%
C Diego Demme
36%
C Jesper Lindstrøm
33%
C Hamed Junior Traoré
31%
C Leander Dendoncker
27%
D Natan De Souza
23%
Nessun quiz corrispondente trovato
Distribuzione punteggi
Percentuale di utenti per punteggio
Percentile per numero di risposta
I tuoi punteggi nel tempo
Non hai fatto questo quiz